• 首页
  • 本馆介绍
  • 公告通知
  • 最新文献
  • 馆藏检索
  • 电子资源
  • 读者导购
  • 参考咨询
  • 我的图书馆
  • 登录
  • 期刊详细显示
  • 现刊情况显示
  • 合订本情况显示
  • 篇目信息显示

期刊信息

  • 表格格式
  • 工作单格式
  • 卡片格式
索取号 
X7/ZSHZY
题名 
再生资源与循环经济
作者 
《再生资源与循环经济》编辑部
分册号 
分册名 
出版地 
天津
出版者 
天津再生资源杂志社
标准刊号 
1674-0912
出版频率 
月刊
中图法分类 
X7
主题词 
废物; 废物处理; 废物综合利用
电子资源 
000 00793nam0 2200253 450
001 1033916969
005 20100715093011.68
011    @a1674-0912@dCNY10.00(2009)
091    @aCN12-1397/X
092    @aCN@b6-120@cM5600
100    @a20100715d km y0chiy0120 ea
101 0  @achi
102    @aCN@b120000
200 1  @a再生资源与循环经济@AZai Sheng Zi Yuan Yu Xun Huan Jing Ji@f《再生资源与循环经济》编辑部@F《Zai Sheng Zi Yuan Yu Xun Huan Jing Ji》Bian Ji Bu
210    @a天津@c天津再生资源杂志社
300    @a2008年创刊
326    @a月刊
606 0  @a废物
606 0  @a废物处理
606 0  @a废物综合利用
690    @aX7@v4
711 02 @a《再生资源与循环经济》编辑部@A《Zai Sheng Zi Yuan Yu Xun Huan Jing Ji》Bian Ji Bu
801  0 @aCN@bNISOFT@c20100715
905    @a10447@dX7@eZSHZY
    
    再生资源与循环经济/《再生资源与循环经济》编辑部.-天津:天津再生资源杂志社
    
    2008年创刊
    
    ISSN 1674-0912:CNY10.00(2009)
    
●
相关链接: 在易读查询期刊 在中国知网中查询期刊 在万方数据查询期刊 在维普查询期刊
唐山师范学院图书馆 欢迎您!
大连网信软件有限公司© 版权所有